000 00792nam a22002297a 4500
005 20180719100810.0
010 _aENG-123547-48
020 _a9788188157365 vol.1
_c175.00
020 _a9788188157686 vol.2
_c240.00
035 _aEN-107079-80
037 _bDBAD/PUB
082 _a230.41
100 _aRama
245 _aYoga the sacred science /
_cby Rama
250 _a2nd edn.
260 _aUttarakhand
_bHimalayan Institute Hospital Trust
_c2008
270 _aSwami Ram Nagar, P.O. Doiwala Distt. Dehradun,
_bUttarakhand
_e248140
300 _a2-vol (xii,241p.; xi,296)
_c21cm(pbk).
500 _aIt includes index
505 _aVol.1 - Samadhi: The highest state of wisdom Vol.2 - Sadhana: The path to enlightenment
942 _2ddc
_cEN
_h230.41
_mRAM
999 _c154316
_d154316